Normal view MARC view

Entry Nombre personal

Number of records used in: 2

001 - NÚMERO DE CONTROL

  • campo de control: 174897

003 - IDENTIFICADOR DE NÚMERO DE CONTROL

  • campo de control: SpMaBN

005 - FECHA Y HORA DE LA ÚLTIMA TRANSACCIÓN

  • campo de control: 20250815071150.0

008 - ELEMENTOS DE DATO DE LONGITUD-FIJA

  • campo de control de longitud fija: 880421nn ainnnaabn n aaa

016 ## - NÚMERO DE CONTROL DE UNA AGENCIA BIBLIOGRÁFICA NACIONAL

  • Número de control del registro: BNE19940776954

024 7# - IDENTIFICADOR DE OTROS ESTÁNDARES

  • Número estándar o código: http://viaf.org/viaf/98565922/
  • Fuente: viaf

024 7# - IDENTIFICADOR DE OTROS ESTÁNDARES

  • Número estándar o código: https://isni.org/isni/000000011938126X
  • Fuente: isni

024 7# - IDENTIFICADOR DE OTROS ESTÁNDARES

  • Número estándar o código: http://www.wikidata.org/entity/Q93435855
  • Fuente: wikidata

040 ## - FUENTE DE CATALOGACIÓN

  • Centro catalogador/agencia de origen: SpMaBN
  • Lengua de catalogación: spa
  • Centro/agencia transcriptor: SpMaBN
  • Normas de descripción: rdc
  • Convención/Normas de encabezamiento de materia/tesauro: embne

100 1# - ENCABEZAMIENTO-NOMBRE DE PERSONA

  • Nombre de persona: Junta, Tomás

375 ## - GÉNERO/SEXO

  • Género: Masculino

377 ## - IDIOMA ASOCIADO

  • Código del idioma: und
  • Término de lengua/lenguaje: Indeterminada

670 ## - FUENTE DE DATOS ENCONTRADOS

  • Cita de la fuente: Commentariorum ac Disputationum in primam partem diui Thomae, de Pedro de Arribal, 1619
  • Información encontrada: port. (Matriti apud Thomam Iuntam)

670 ## - FUENTE DE DATOS ENCONTRADOS

  • Cita de la fuente: Gutiérrez del Caño
  • Información encontrada: (Junta, Tomás. 1594-1634)

670 ## - FUENTE DE DATOS ENCONTRADOS

  • Cita de la fuente: Delgado Casado, Juan. Diccionario de impresores españoles
  • Información encontrada: (Junta, Tomás. 1594-1624)

678 ## - DATOS BIOGRÁFICOS O HISTÓRICOS

  • Datos biográficos o históricos: impresor del Rey: Madrid